000 00687nam a2200253Ia 4500
003 OSt
005 20220918165358.0
006 a|||||r|||| 00| 0
007 ta
008 220917b |||||||| |||| 00| 0 eng d
020 _a521 06925 4
024 _a18,383
037 _cTextual
040 _aARTS
_cARTS
_beng
041 _2eng
_aeng
082 _aO111,2J64,55:g, K9
100 _aBartholomeusz Dennis
_924040
245 0 _aMacbeth and the players
260 _aCambridge
_bUniversity Press
_c1969
300 _a302p.
_ccm.
650 _aENGLISH LITERATURE
942 _hO111,2J64,55:g, K9
_cTEXL
_2CC
999 _c129592
_d129592